000 00455nam a22001817a 4500
003 CEME
005 20210628202734.0
008 210125b xxu||||| |||| 00| 0 eng d
020 _a81-219-0472-2
040 _c.
082 _a515 NAR
100 _aNarayan, Shanti Mittal, P.K
_961350
245 _aA course of mathematical analysis
260 _aINDIA
_bS.CHAND
_c2004
300 _a598 P
650 _aMATHEMATICAL ANALYSIS
_9198
942 _cBK
_2ddc
999 _c570834
_d570834